00667nam a22001937a 450000500170000001000150001702000260003203500140005803700090007208200110008124500390009225000110013126000460014227000910018830000210027994200250030099900190032595201290034420241204105415.0 aENG-142824 c325.00a9788193375907 aEN-126356 bDBAD a351.12 aAIS & CCS Revised Pay Rules, 2016/ aFirst  aNew DelhibSumedha Publishing Housec2017 bNew DelhiaUG- 1, Ansal Chamber-1, 3 Bhikaji Cama Place,e110066k26104004k9891591329 a320p.c24cm(pbk) 2ddccENh351.12mAIS c207384d207384 001040708NFICaCJbCJd2024-12-04eDBADg325.00l0o351.12 AISpEN-126356r2024-12-04 00:00:00t1v325.00w2024-12-04yEN